000 00672nam a22002057a 4500
003 koha_MIRAKIL
005 20260417130221.0
008 260417b tur||||| |||| 00| 0 tur d
020 _a9786256915657
040 _aTR-IsEVY
_btur
_cTR-IsEVY
041 _atur
082 _aFIC CAL/Ü
100 _aCali, Davide
245 0 _aÜç tekerlekli kütüphane/
_cDavide Cali ; resimleyen Sebastien Pelon.
260 _aİstanbul :
_bGünışığı kitaplığı,
_c2026.
300 _a35 s. :
_brenkli resimli ;
_c26 cm.
650 _aÇocuk edebiyatı.
_vResimli Kitaplar.
_vOkuma Kültürü.
_vKütüphaneler.
700 1 _aPelon, Sebastien.
_cresimleyen.
942 _2ddc
_cBK
999 _c23514
_d23514